| Tag |
First Indicator |
Second Indicator |
Subfields |
| LEADER |
00000cam a2200000 4500 |
| 001 |
in00000043596 |
| 005 |
20151007074912.0 |
| 008 |
750903s1955 ctua 00000 eng |
| 010 |
|
|
|a 56000382
|
| 035 |
|
|
|a (OCoLC)01593565
|
| 035 |
|
|
|9 AAF2289AM
|
| 040 |
|
|
|a DLC
|c FBA
|d TXA
|d UtOrBLW
|
| 049 |
|
|
|a TXAM
|c [267512]
|
| 050 |
0 |
0 |
|a SF473.B8
|b S38 1955
|
| 082 |
0 |
|
|a 636.66
|
| 092 |
|
|
|a 636.686
|b S358a
|
| 100 |
1 |
|
|a Schneider, Earl,
|d 1922-
|
| 245 |
1 |
0 |
|a All about parrakeets. :
|b With chapters on budgie halth by a veterinarian, Leon F. Whitney /
|c Illustrated by Ernest H. Hart.
|
| 264 |
|
2 |
|a Orange, Conn. :
|b Practical Science Pub. Co.; distributed by Garden City Books, Garden City, N. Y.,
|c [1955]
|
| 264 |
|
4 |
|c [©1955]
|
| 300 |
|
|
|a 125 pages :
|b illustrations ;
|c 19 cm.
|
| 336 |
|
|
|a text
|b txt
|2 rdacontent
|
| 337 |
|
|
|a unmediated
|b n
|2 rdamedia
|
| 338 |
|
|
|a volume
|b nc
|2 rdacarrier
|
| 490 |
1 |
|
|a A Practical science book
|
| 650 |
|
0 |
|a Budgerigar.
|
| 830 |
|
0 |
|a Practical science book.
|
| 999 |
|
|
|a MARS
|
| 999 |
f |
f |
|s 349b3bf4-6839-3d83-8295-7f276cb7418f
|i 4b7ff094-99f8-39fd-bb9b-35a4f7ce6704
|t 0
|
| 952 |
f |
f |
|p ric
|a Texas A&M University
|b Rellis Campus
|c Joint Library Facility
|d Remote Storage
|t 0
|e SF473.B8 S38 1955
|h Library of Congress classification
|i unmediated -- volume
|m A14801093362
|
| 998 |
f |
f |
|a SF473.B8 S38 1955
|t 0
|l Remote Storage
|